01683nam a22004217a 4500003000500000005001700005008004100022010001000063011001000073035001000083040000900093090001000102100004400112245009100156260004000247300001000287502007700297590003700374590004100411590004100452590004100493590004100534590004200575650004400617650004000661650003200701650002800733650004200761650003800803650002800841901000700869942000900876949004300885949005500928999001700983952013301000952012801133CHAP20220817042945.0971013s1996 r 00010 d a61166 a62138 a66312 cCHAP aTesis00aJiménez Terrazas, Juan Manuel.961659 aFertilización edáfica para producción de semilla de la variedad de maíz CPV-20 aChapingo, Méx. :bEl autor,c1996 a84 h. aTesis (Ing. Agr. Esp. en Fitotecnia) -- UACH. Departamento de Fitotecnia aALEPHb10c20130110lUCH01h1340 aBATCH-UPDb10c20130110lUCH01h0544 aBATCH-UPDb10c20130110lUCH01h2251 aBATCH-UPDb10c20130410lUCH01h0225 aBATCH-UPDb10c20130914lUCH01h1402 aCONVERSIONb10c20130109lUCH01h133314aFertilizantesxEfecto en suelos.94055314aFósforoxEfecto en maíz.94224314aMaízxRendimiento.97105114aMaízxSemilla.97105914aNitrógenoxEfecto en maíz.98144714aPotasioxEfecto en maíz.99110414aSemillasxMejoramiento. aBK cFOLL bBCcTESd-151488eTS1h29385i66312si bBCcTESd33724000621140eTS2fc.2h29386i66312si c61166d61166 00102local4053708TESISaBCbBCcPA_TESISd2019-12-31fTESISl0p33724000621140r2019-12-31 00:00:00tc.2w2019-12-31yTESIS 00102local4051708TESISaBCbBCcPA_TESISd2019-12-31fTESISl0oTesisp-151488r2019-12-31 00:00:00w2019-12-31yTESIS